Verdeelde Landen Puzzel #2 - Statistieken

Algemene statistieken
  • Deze quiz is 5.193 keer genomen
  • De gemiddelde score is 15 van 20
Antwoordstatistieken
Country Name % Correct
NED ERL AND Nederland
97%
ALB AN Albanië
96%
KAZ ACHS TAN Kazachstan
96%
SLO WAK IJE Slowakije
94%
ARGE NTI NIË Argentinië
92%
DOM IN ICA Dominica
88%
BU LGAR IJE Bulgarije
86%
GEO RG Georgië
84%
MAU RITI US Mauritius
77%
SIER RAL EONE Sierra Leone
74%
HON DU RAS Honduras
69%
ZUI DKO REA Zuid-Korea
67%
FI NL AND Finland
66%
BEL AR US Belarus
63%
BO LI VIA Bolivia
61%
KI RGI ZIË Kirgizië
61%
MON GOL Mongolië
53%
TU RK IJE Turkije
52%
GA MB IA Gambia
38%
ME XI CO Mexico
34%
Geen overeenkomende quizzen gevonden
Scoreverdeling
Procent van Mensen met Elke Score
Percentiel versus Aantal Correcte Antwoorden
Uw Scoregeschiedenis
U heeft deze quiz nog niet genomen